Mannschaften gegen die Sasa Kalajdzic getroffen hat - Statistiken

Allgemein
  • Dieses Quiz wurde 15 mal gespielt
    8 seit der letzten Aktualisierung
  • Das Durchschnittsergebnis liegt bei 11 aus 26
Antwortstatistiken
Tore Mannschaften % Korrekt
3 Bayer Leverkusen
88%
2 1.FC Köln
75%
1 Bayern München
75%
1 Borussia Dortmund
75%
2 Eintracht Frankfurt
75%
2 Borussia M'Gladbach
63%
1 FC Augsburg
63%
1 FC Schalke 04
63%
1 Austria Wien
50%
1 Hertha BSC
50%
1 TSG Hoffenheim
50%
3 Union Berlin
50%
1 1.FC Nürnberg
38%
2 FSV Mainz 05
38%
1 Rapid Wien
38%
2 SC Freiburg
38%
1 Sturm Graz
38%
1 Arminia Bielefeld
25%
1 SCR Altach
25%
3 Wacker Innsbruck
25%
1 SKN St. Pölten
13%
1 AFC Bournemouth
0%
1 FC Blackpool
0%
1 FC Everton
0%
1 TSV Hartberg
0%
2 Wolfsberger AC
0%
Keine übereinstimmenden Quizze gefunden
Verteilung der Resultate
Anzahl Personen mit jedem Resultat
Perzentil nach korrekt beantworteten Fragen
Ihre Resultats-Entwicklung
Sie haben dieses Quiz seit der letzten Aktualisierung nicht gespielt